000 00740nab a2200181 4500
001 244442
003 OSt
005 20240109140247.0
007 tu
008 200917s2020|||||||
040 _aDE-2950
_cDE-2950
245 0 0 _aDas Jahr 2023 in Frankfurt in Zahlen
_bRückblick. Im Februar zerplatzte der Traum der Stadt vom Zukunftszentrum an der Stadtbrücke, zum Stadtfest kletterten die Temperaturen auf über 30 Grad und seit Herbst führt die Bundespolizei zwischen Frankfurt und Slubice wieder stationäre Grenzkontrollen durch/
_cred/thg
264 _c2023
653 _aFrankfurt (Oder)
653 _aJahresrückblick
773 0 _g34. Jahrgang (2023) Nr. 303 vom 30.12.2023, S. 17, mit Foto
_tMärkische Oderzeitung
942 _2z
_cA
999 _c372907
_d372907